Statistiques concernant Villes de Meurthe-et-Moselle de plus de 10 000 hab

Cliquez ici pour prendre le quiz!

Statistiques générales

  • Ce quiz a été pris 40 fois
  • Le résultat moyen est 7 sur 10

Statistiques - réponses

VillePopulation% Correct
Nancy103 948
100%
Lunéville17 176
86%
Toul15 754
86%
Vandœuvre-lès-Nancy29 360
76%
Longwy15 605
72%
Pont-à-Mousson14 081
62%
Laxou14 848
52%
Villers-lès-Nancy14 894
48%
Saint-Max10 194
41%
Villerupt10 343
28%

Distribution des résultats

Percentile par nombre de réponses

% des personnes avec chaque résultat

Votre développement - résultats

Vous n’avez pas pris ce quiz